000
00262nmm a2200085Ia 4500
008
220120s9999||||xx |||||||||||||||||und||
100
_a
PC QUEST
_9
10676
245
0
_a
Build and manage a cloud computing Infra, Hot Linux Destros
260
_a
Cyber media Pvt. Ltd.
_c
2013
999
_c
139856
_d
139856